| 000 | 01142njm a22003017a 4500 | ||
|---|---|---|---|
| 005 | 20100914152621.0 | ||
| 007 | sd ammalaaahaa | ||
| 008 | 100913t xxu||||| |||| 00| 0 hin d | ||
| 028 |
_a7EPE 7649 _bEMI |
||
| 035 | _aGR-03234 | ||
| 040 | _aSED/VEN | ||
| 100 |
_aMangeskar, lata _91184 |
||
| 245 |
_aEk Duuje ke liye / _cby Lata Mangeskar [and] S P Subrahmanyam ; music by Laxmikant Pyarelal ; Lyric by Anand Bakshi _h[sound recording] : |
||
| 246 | _aएक दूजे के लिय / | ||
| 260 |
_aDum Dum India _bEMI _c1980 |
||
| 300 |
_a1 sound disc [Gramophone record] : _banalog, 33 1/3 rpm _c12.5 in. (LP) _fGramophone Record |
||
| 500 | _aBrief Record | ||
| 500 | _aRecord label :EMI, Red | ||
| 505 | _aSide 1 Tere mere beech men Side 2 Ham bane tum bane | ||
| 600 |
_aMangeskar, lata _919992 |
||
| 650 |
_aFilm Music _xExcerpts _zIndia _920525 |
||
| 650 | _920526 | ||
| 700 |
_919604 _aBalasubrahmanyam, S P |
||
| 700 |
_919605 _aBakshi, Anand |
||
| 700 |
_aLaxmikant Pyarelal _920589 |
||
| 942 |
_2ddc _cGR |
||
| 999 |
_c46586 _d46586 |
||